[Event "European Individual Chess Championship "]
[Site "Reykjavik, Iceland"]
[Date "2021.08.30"]
[Round "5.23"]
[White "Svane, Rasmus"]
[Black "Gavrilescu, David"]
[Result "1/2-1/2"]
[WhiteElo "2615"]
[BlackElo "2477"]
[PlyCount "179"]
[EventDate "2021.08.26"]

1. e4 {[%emt 0:00:07]} e6 {[%emt 0:00:33]} 2. d4 {[%emt 0:00:09]} d5 {[%emt 0:
00:18]} 3. Nc3 {[%emt 0:00:18]} Nf6 {[%emt 0:00:18]} 4. e5 {[%emt 0:00:14]}
Nfd7 {[%emt 0:00:10]} 5. f4 {[%emt 0:00:07]} c5 {[%emt 0:00:18]} 6. Nf3 {
[%emt 0:00:06]} Nc6 {[%emt 0:00:20]} 7. Be3 {[%emt 0:00:16]} cxd4 {[%emt 0:00:
59]} 8. Nxd4 {[%emt 0:00:30]} Qb6 {[%emt 0:00:09]} 9. Qd2 {[%emt 0:00:38]} Qxb2
{[%emt 0:00:38]} 10. Rb1 {[%emt 0:00:10]} Qa3 {[%emt 0:00:04]} 11. Bb5 {
[%emt 0:00:42]} Nxd4 {[%emt 0:00:48]} 12. Bxd4 {[%emt 0:00:10]} a6 {[%emt 0:00:
22]} 13. Bxd7+ {[%emt 0:00:25]} Bxd7 {[%emt 0:00:06]} 14. Rb3 {[%emt 0:00:13]}
Qe7 {[%emt 0:00:13]} 15. Rxb7 {[%emt 0:00:08]} Qh4+ {[%emt 0:02:31]} 16. Qf2 {
[%emt 0:01:57]} Qxf2+ {[%emt 0:02:47]} 17. Kxf2 {[%emt 0:00:08]} Be7 {[%emt 0:
00:29]} 18. Rhb1 {[%emt 0:01:34]} Bd8 {[%emt 0:01:04]} 19. Rb8 {[%emt 0:29:59]}
Rxb8 {[%emt 0:00:25]} 20. Rxb8 {[%emt 0:00:07]} O-O {[%emt 0:00:21]} 21. Rb7 {
[%emt 0:02:31]} Bc6 {[%emt 0:01:01]} 22. Ra7 {[%emt 0:00:23]} Ba5 {[%emt 0:00:
20]} 23. Rxa6 {[%emt 0:00:32]} Bxc3 {[%emt 0:00:05]} 24. Bxc3 {[%emt 0:00:05]}
Rc8 {[%emt 0:00:07]} 25. Ke3 {[%emt 0:05:49]} Bb5 {[%emt 0:08:06]} 26. Rb6 {
[%emt 0:28:07]} Ba4 {[%emt 0:05:59]} 27. Kd3 {[%emt 0:01:54]} h5 {[%emt 0:07:
28]} 28. Rb4 {[%emt 0:01:41]} Rc4 {[%emt 0:20:39]} 29. a3 {[%emt 0:08:58]} Kh7
{[%emt 0:16:11]} 30. Rxc4 {[%emt 0:01:02]} dxc4+ {[%emt 0:01:13]} 31. Kxc4 {
[%emt 0:01:02]} Bxc2 {[%emt 0:00:06]} 32. Kc5 {[%emt 0:10:57]} Kg8 {[%emt 0:21:
49]} 33. Kd6 {[%emt 0:00:26]} Kf8 {[%emt 0:00:24]} 34. Kd7 {[%emt 0:00:09]}
Ba4+ {[%emt 0:00:10]} 35. Kd8 {[%emt 0:00:04]} Bc6 {[%emt 0:00:17]} 36. g3 {
[%emt 0:00:14]} Ba4 {[%emt 0:00:04]} 37. Bb4+ {[%emt 0:00:36]} Kg8 {[%emt 0:00:
02]} 38. Be7 {[%emt 0:01:40]} Bb3 {[%emt 0:02:28]} 39. Bd6 {[%emt 0:02:37]} Bc2
{[%emt 0:01:01]} 40. Ke7 {[%emt 0:00:05]} Bb3 {[%emt 0:00:30]} 41. Bb4 {
[%emt 0:00:05]} Ba4 {[%emt 0:00:11]} 42. Bd2 {[%emt 0:00:22]} Bc2 {[%emt 0:04:
26]} 43. Be3 {[%emt 0:00:05]} Bd1 {[%emt 0:00:18]} 44. Bc1 {[%emt 0:00:06]} Bc2
{[%emt 0:00:06]} 45. Bd2 {[%emt 0:00:06]} Bd1 {[%emt 0:00:07]} 46. Bc1 {
[%emt 0:07:13]} Bc2 {[%emt 0:01:12]} 47. Be3 {[%emt 0:00:18]} Bd1 {[%emt 0:00:
12]} 48. h3 {[%emt 0:00:08]} Bc2 {[%emt 0:00:16]} 49. g4 {[%emt 0:00:15]} hxg4
{[%emt 0:00:18]} 50. hxg4 {[%emt 0:00:04]} Bd1 {[%emt 0:00:10]} 51. g5 {
[%emt 0:00:19]} Bc2 {[%emt 0:00:13]} 52. Bd4 {[%emt 0:00:20]} Bb3 {[%emt 0:05:
57]} 53. Bf2 {[%emt 0:00:21]} Bc2 {[%emt 0:00:49]} 54. Bh4 {[%emt 0:00:05]} Bb3
{[%emt 0:00:22]} 55. Be1 {[%emt 0:11:06]} Bc2 {[%emt 0:00:42]} 56. Ba5 {
[%emt 0:00:04]} Bb3 {[%emt 0:00:11]} 57. Bd8 {[%emt 0:00:06]} Bc2 {[%emt 0:00:
14]} 58. Bc7 {[%emt 0:00:34]} Bb3 {[%emt 0:00:14]} 59. Bb8 {[%emt 0:00:12]} Bc2
{[%emt 0:00:06]} 60. Bd6 {[%emt 0:00:04]} Bb3 {[%emt 0:00:27]} 61. Bb4 {
[%emt 0:02:01]} Bc2 {[%emt 0:00:09]} 62. Kd8 {[%emt 0:08:33]} Kh7 {[%emt 0:03:
06]} 63. Ke8 {[%emt 0:00:19]} Kg8 {[%emt 0:00:56]} 64. Be7 {[%emt 0:01:13]}
Ba4+ {[%emt 0:01:56]} 65. Kd8 {[%emt 0:00:05]} Kh7 {[%emt 0:00:07]} 66. Bc5 {
[%emt 0:02:56]} Bb3 {[%emt 0:00:33]} 67. Ke7 {[%emt 0:01:03]} Kg8 {[%emt 0:00:
07]} 68. Bd4 {[%emt 0:00:29]} Bc2 {[%emt 0:00:08]} 69. Bc3 {[%emt 0:00:59]} Bb3
{[%emt 0:00:17]} 70. Be1 {[%emt 0:01:22]} Bc2 {[%emt 0:00:07]} 71. g6 {[%emt 0:
01:51]} Bxg6 {[%emt 0:01:02]} 72. a4 {[%emt 0:00:03]} Bd3 {[%emt 0:00:18]} 73.
a5 {[%emt 0:00:06]} Be2 {[%emt 0:01:09]} 74. Bh4 {[%emt 0:00:13]} Bd3 {[%emt 0:
00:24]} 75. Bg3 {[%emt 0:00:58]} Be2 {[%emt 0:01:06]} 76. Bh2 {[%emt 0:00:07]}
Bd3 {[%emt 0:00:05]} 77. Bg1 {[%emt 0:00:25]} Be2 {[%emt 0:00:06]} 78. Bc5 {
[%emt 0:00:52]} Bd3 {[%emt 0:00:12]} 79. Bb4 {[%emt 0:00:20]} Be2 {[%emt 0:00:
05]} 80. Kd7 {[%emt 0:00:41]} Kh7 {[%emt 0:00:21]} 81. Bf8 {[%emt 0:02:18]} Kg6
{[%emt 0:00:53]} 82. Kd6 {[%emt 0:00:21]} Bf1 {[%emt 0:00:20]} 83. Kc6 {
[%emt 0:01:01]} f6 {[%emt 0:01:53]} 84. Kb6 {[%emt 0:01:07]} Kf7 {[%emt 0:00:
15]} 85. Bc5 {[%emt 0:00:27]} Kg6 {[%emt 0:00:44]} 86. exf6 {[%emt 0:01:46]}
gxf6 {[%emt 0:00:06]} 87. a6 {[%emt 0:00:03]} Bxa6 {[%emt 0:00:11]} 88. Kxa6 {
[%emt 0:00:02]} e5 {[%emt 0:00:06]} 89. fxe5 {[%emt 0:00:05]} fxe5 {[%emt 0:00:
03]} 90. Kb5 {[%emt 0:00:05]} 1/2-1/2

[Event "European Individual Chess Championship "]
[Site "Reykjavik, Iceland"]
[Date "2021.08.30"]
[Round "5.24"]
[White "Bartel, Mateusz"]
[Black "Maurizzi, Marc Andria"]
[Result "1/2-1/2"]
[WhiteElo "2611"]
[BlackElo "2488"]
[PlyCount "63"]
[EventDate "2021.08.26"]

1. e4 {[%emt 0:00:02]} e5 {[%emt 0:01:29]} 2. Nf3 {[%emt 0:00:02]} Nc6 {
[%emt 0:00:13]} 3. Nc3 {[%emt 0:00:06]} Nf6 {[%emt 0:01:00]} 4. h3 {[%emt 0:00:
04]} d5 {[%emt 0:09:10]} 5. exd5 {[%emt 0:00:10]} Nxd5 {[%emt 0:00:02]} 6. Bb5
{[%emt 0:00:12]} Nxc3 {[%emt 0:00:22]} 7. bxc3 {[%emt 0:00:09]} Bd6 {[%emt 0:
00:09]} 8. O-O {[%emt 0:00:06]} O-O {[%emt 0:01:01]} 9. Re1 {[%emt 0:00:06]}
Qf6 {[%emt 0:06:03]} 10. d3 {[%emt 0:16:21]} a6 {[%emt 0:10:54]} 11. Bc4 {
[%emt 0:04:10]} Be6 {[%emt 0:01:55]} 12. Bb3 {[%emt 0:02:51]} h6 {[%emt 0:08:
28]} 13. Nd2 {[%emt 0:14:34]} Qg6 {[%emt 0:04:47]} 14. Qf3 {[%emt 0:07:39]} f5
{[%emt 0:08:38]} 15. Nc4 {[%emt 0:08:18]} Kh8 {[%emt 0:04:54]} 16. Nxd6 {
[%emt 0:02:28]} cxd6 {[%emt 0:00:57]} 17. Rb1 {[%emt 0:01:24]} Rf7 {[%emt 0:03:
16]} 18. Ba3 {[%emt 0:00:02]} Rc8 {[%emt 0:01:11]} 19. Qg3 {[%emt 0:09:21]}
Qxg3 {[%emt 0:07:09]} 20. fxg3 {[%emt 0:00:04]} Bxb3 {[%emt 0:00:08]} 21. Rxb3
{[%emt 0:01:43]} d5 {[%emt 0:01:54]} 22. Rb6 {[%emt 0:00:05]} Rd8 {[%emt 0:04:
02]} 23. Bc5 {[%emt 0:08:26]} Kh7 {[%emt 0:06:19]} 24. a4 {[%emt 0:00:47]} g5 {
[%emt 0:05:06]} 25. Kf2 {[%emt 0:09:52]} e4 {[%emt 0:03:38]} 26. Kg1 {[%emt 0:
00:37]} Rdd7 {[%emt 0:03:35]} 27. g4 {[%emt 0:01:05]} fxg4 {[%emt 0:01:14]} 28.
hxg4 {[%emt 0:00:08]} Rf4 {[%emt 0:02:02]} 29. Reb1 {[%emt 0:01:55]} Rff7 {
[%emt 0:00:30]} 30. Re1 {[%emt 0:04:55]} Rf4 {[%emt 0:00:16]} 31. Reb1 {
[%emt 0:00:31]} Rff7 {[%emt 0:00:14]} 32. Re1 {[%emt 0:00:42]} 1/2-1/2

[Event "European Individual Chess Championship "]
[Site "Reykjavik, Iceland"]
[Date "2021.08.30"]
[Round "5.25"]
[White "Gretarsson, Hjorvar Steinn"]
[Black "Kjartansson, Gudmundur"]
[Result "1-0"]
[WhiteElo "2603"]
[BlackElo "2470"]
[PlyCount "119"]
[EventDate "2021.08.26"]

1. d4 {[%emt 0:00:04]} Nf6 {[%emt 0:00:10]} 2. c4 {[%emt 0:00:18]} c5 {[%emt 0:
00:34]} 3. d5 {[%emt 0:00:48]} g6 {[%emt 0:00:14]} 4. Nc3 {[%emt 0:00:42]} Bg7
{[%emt 0:00:10]} 5. e4 {[%emt 0:00:59]} d6 {[%emt 0:00:51]} 6. h3 {[%emt 0:02:
23]} O-O {[%emt 0:00:50]} 7. Bd3 {[%emt 0:06:14]} e6 {[%emt 0:00:41]} 8. Nf3 {
[%emt 0:01:07]} Na6 {[%emt 0:00:39]} 9. Be3 {[%emt 0:04:13]} Nb4 {[%emt 0:08:
00]} 10. Bb1 {[%emt 0:06:05]} b5 {[%emt 0:03:12]} 11. dxe6 {[%emt 0:14:40]}
Bxe6 {[%emt 0:06:47]} 12. a3 {[%emt 0:11:35]} Qa5 {[%emt 0:02:06]} 13. cxb5 {
[%emt 0:01:08]} a6 {[%emt 0:24:47]} 14. O-O {[%emt 0:19:08]} axb5 {[%emt 0:03:
36]} 15. e5 {[%emt 0:03:45]} dxe5 {[%emt 0:10:42]} 16. Bxc5 {[%emt 0:01:16]}
Rfd8 {[%emt 0:00:24]} 17. Qe1 {[%emt 0:08:43]} Nc6 {[%emt 0:09:07]} 18. b4 {
[%emt 0:00:54]} Qa6 {[%emt 0:00:48]} 19. Ba2 {[%emt 0:03:38]} Bxa2 {[%emt 0:10:
42]} 20. Rxa2 {[%emt 0:00:08]} Nd7 {[%emt 0:01:27]} 21. Ne4 {[%emt 0:05:24]}
Nxc5 {[%emt 0:05:44]} 22. Nxc5 {[%emt 0:00:02]} Qb6 {[%emt 0:00:44]} 23. Qb1 {
[%emt 0:00:36]} Rd5 {[%emt 0:05:54]} 24. Qb3 {[%emt 0:01:02]} Rad8 {[%emt 0:00:
14]} 25. Rc2 {[%emt 0:01:19]} h6 {[%emt 0:00:34]} 26. Re1 {[%emt 0:00:44]} Kh7
{[%emt 0:01:16]} 27. h4 {[%emt 0:00:31]} Nd4 {[%emt 0:01:32]} 28. Nxd4 {
[%emt 0:00:08]} exd4 {[%emt 0:00:03]} 29. Qd3 {[%emt 0:00:20]} Kg8 {[%emt 0:01:
40]} 30. Rce2 {[%emt 0:00:06]} Qb8 {[%emt 0:00:54]} 31. g3 {[%emt 0:01:59]} Bf8
{[%emt 0:00:32]} 32. Ne4 {[%emt 0:02:01]} Bg7 {[%emt 0:00:02]} 33. Rc1 {
[%emt 0:00:35]} Qa7 {[%emt 0:01:26]} 34. Rec2 {[%emt 0:01:07]} Qd7 {[%emt 0:00:
28]} 35. Rc5 {[%emt 0:02:00]} Qf5 {[%emt 0:00:14]} 36. Kg2 {[%emt 0:01:09]} Re8
{[%emt 0:00:39]} 37. f3 {[%emt 0:00:04]} h5 {[%emt 0:00:31]} 38. Qxb5 {[%emt 0:
00:52]} Red8 {[%emt 0:00:39]} 39. Rxd5 {[%emt 0:00:38]} Qxd5 {[%emt 0:00:33]}
40. Qxd5 {[%emt 0:00:06]} Rxd5 {[%emt 0:00:02]} 41. Rc8+ {[%emt 0:00:48]} Kh7 {
[%emt 0:00:04]} 42. Ng5+ {[%emt 0:00:53]} Kh6 {[%emt 0:00:04]} 43. Nxf7+ {
[%emt 0:04:57]} Kh7 {[%emt 0:00:04]} 44. Ng5+ {[%emt 0:01:31]} Kh6 {[%emt 0:03:
21]} 45. Rd8 {[%emt 0:09:34]} Rxd8 {[%emt 0:00:45]} 46. Nf7+ {[%emt 0:00:05]}
Kh7 {[%emt 0:00:02]} 47. Nxd8 {[%emt 0:00:06]} d3 {[%emt 0:00:06]} 48. Kf1 {
[%emt 0:00:12]} g5 {[%emt 0:02:29]} 49. Ne6 {[%emt 0:01:25]} gxh4 {[%emt 0:00:
13]} 50. gxh4 {[%emt 0:00:07]} Bf6 {[%emt 0:00:13]} 51. Nf4 {[%emt 0:00:24]} d2
{[%emt 0:01:25]} 52. Ke2 {[%emt 0:00:04]} Bxh4 {[%emt 0:00:03]} 53. Nxh5 {
[%emt 0:01:02]} Kg6 {[%emt 0:00:03]} 54. Nf4+ {[%emt 0:00:05]} Kf5 {[%emt 0:00:
02]} 55. Nd3 {[%emt 0:00:44]} Bg5 {[%emt 0:00:03]} 56. a4 {[%emt 0:02:20]} Be3
{[%emt 0:00:27]} 57. Nc5 {[%emt 0:01:43]} Ke5 {[%emt 0:00:34]} 58. a5 {[%emt 0:
00:15]} Kd4 {[%emt 0:00:39]} 59. a6 {[%emt 0:00:43]} Kc3 {[%emt 0:00:06]} 60.
Kd1 {[%emt 0:00:06]} 1-0

[Event "European Individual Chess Championship "]
[Site "Reykjavik, Iceland"]
[Date "2021.08.30"]
[Round "5.26"]
[White "Romanov, Evgeny"]
[Black "Horvath, Dominik"]
[Result "1-0"]
[WhiteElo "2594"]
[BlackElo "2455"]
[PlyCount "59"]
[EventDate "2021.08.26"]

1. c4 {[%emt 0:05:30]} Nf6 {[%emt 0:00:10]} 2. Nc3 {[%emt 0:00:25]} c5 {
[%emt 0:00:05]} 3. Nf3 {[%emt 0:01:34]} e6 {[%emt 0:00:06]} 4. e3 {[%emt 0:04:
28]} d5 {[%emt 0:00:29]} 5. d4 {[%emt 0:00:42]} dxc4 {[%emt 0:10:41]} 6. Bxc4 {
[%emt 0:00:36]} a6 {[%emt 0:00:03]} 7. O-O {[%emt 0:04:16]} b5 {[%emt 0:02:26]}
8. Bb3 {[%emt 0:00:13]} Bb7 {[%emt 0:01:18]} 9. Qe2 {[%emt 0:00:30]} Nbd7 {
[%emt 0:03:59]} 10. Rd1 {[%emt 0:02:33]} Qb6 {[%emt 0:06:15]} 11. a4 {[%emt 0:
23:55]} c4 {[%emt 0:10:16]} 12. Bc2 {[%emt 0:00:56]} b4 {[%emt 0:02:19]} 13. a5
{[%emt 0:00:43]} Qc7 {[%emt 0:01:07]} 14. Na4 {[%emt 0:00:11]} Qxa5 {[%emt 0:
10:23]} 15. e4 {[%emt 0:01:44]} Qb5 {[%emt 0:15:13]} 16. Bf4 {[%emt 0:03:51]}
Nh5 {[%emt 0:01:42]} 17. Be3 {[%emt 0:01:57]} Nhf6 {[%emt 0:13:27]} 18. d5 {
[%emt 0:01:33]} e5 {[%emt 0:00:19]} 19. b3 {[%emt 0:04:36]} Rc8 {[%emt 0:04:15]
} 20. Nb2 {[%emt 0:01:09]} Bc5 {[%emt 0:02:50]} 21. Nxc4 {[%emt 0:01:40]} Ba8 {
[%emt 0:03:25]} 22. Ra5 {[%emt 0:05:22]} Qb8 {[%emt 0:00:03]} 23. Bxc5 {
[%emt 0:01:34]} Nxc5 {[%emt 0:00:57]} 24. Nfxe5 {[%emt 0:00:34]} O-O {[%emt 0:
00:07]} 25. Qe3 {[%emt 0:00:50]} Ncd7 {[%emt 0:03:53]} 26. Nxd7 {[%emt 0:03:40]
} Nxd7 {[%emt 0:00:03]} 27. Rxa6 {[%emt 0:02:22]} Rfe8 {[%emt 0:00:11]} 28. Qa7
{[%emt 0:03:38]} Nc5 {[%emt 0:00:36]} 29. Qxb8 {[%emt 0:02:00]} Rxb8 {[%emt 0:
00:31]} 30. Rb6 {[%emt 0:00:10]} 1-0

[Event "European Individual Chess Championship "]
[Site "Reykjavik, Iceland"]
[Date "2021.08.30"]
[Round "5.27"]
[White "Kobo, Ori"]
[Black "Parligras, Mircea-Emilian"]
[Result "1/2-1/2"]
[WhiteElo "2490"]
[BlackElo "2591"]
[PlyCount "33"]
[EventDate "2021.08.26"]

1. Nf3 {[%emt 0:00:04]} c5 {[%emt 0:00:27]} 2. c4 {[%emt 0:00:41]} Nf6 {
[%emt 0:00:16]} 3. Nc3 {[%emt 0:00:49]} Nc6 {[%emt 0:00:14]} 4. d4 {[%emt 0:00:
30]} cxd4 {[%emt 0:00:09]} 5. Nxd4 {[%emt 0:00:06]} e6 {[%emt 0:00:20]} 6. Bg5
{[%emt 0:02:02]} Be7 {[%emt 0:12:31]} 7. e3 {[%emt 0:00:22]} O-O {[%emt 0:01:
52]} 8. Be2 {[%emt 0:01:00]} d5 {[%emt 0:04:41]} 9. cxd5 {[%emt 0:00:59]} Nxd4
{[%emt 0:01:22]} 10. Qxd4 {[%emt 0:01:23]} Nxd5 {[%emt 0:00:32]} 11. Bxe7 {
[%emt 0:01:13]} Nxe7 {[%emt 0:00:05]} 12. Rd1 {[%emt 0:14:37]} Qxd4 {[%emt 0:
08:12]} 13. Rxd4 {[%emt 0:00:09]} Nc6 {[%emt 0:02:08]} 14. Rd2 {[%emt 0:07:50]}
Rd8 {[%emt 0:00:44]} 15. Rxd8+ {[%emt 0:03:32]} Nxd8 {[%emt 0:00:05]} 16. O-O {
[%emt 0:00:51]} Kf8 {[%emt 0:01:41]} 17. Rd1 {[%emt 0:04:23]} 1/2-1/2

[Event "European Individual Chess Championship "]
[Site "Reykjavik, Iceland"]
[Date "2021.08.30"]
[Round "5.28"]
[White "Nguyen, Thai Dai Van"]
[Black "Grigorian, Spartak"]
[Result "0-1"]
[WhiteElo "2588"]
[BlackElo "2448"]
[PlyCount "82"]
[EventDate "2021.08.26"]

1. e4 {[%emt 0:02:05]} c5 {[%emt 0:00:12]} 2. Nf3 {[%emt 0:00:15]} d6 {[%emt 0:
00:06]} 3. d4 {[%emt 0:00:38]} cxd4 {[%emt 0:00:07]} 4. Nxd4 {[%emt 0:00:04]}
Nf6 {[%emt 0:00:06]} 5. Nc3 {[%emt 0:00:22]} a6 {[%emt 0:00:05]} 6. Be3 {
[%emt 0:00:18]} Ng4 {[%emt 0:00:15]} 7. Bc1 {[%emt 0:01:14]} Nf6 {[%emt 0:00:
07]} 8. Be2 {[%emt 0:00:46]} e5 {[%emt 0:00:56]} 9. Nb3 {[%emt 0:00:11]} Be7 {
[%emt 0:00:31]} 10. O-O {[%emt 0:03:02]} O-O {[%emt 0:03:02]} 11. a4 {[%emt 0:
15:53]} Be6 {[%emt 0:02:04]} 12. Bf3 {[%emt 0:01:28]} Nbd7 {[%emt 0:02:19]} 13.
Re1 {[%emt 0:01:39]} Qc7 {[%emt 0:01:18]} 14. Nd2 {[%emt 0:09:11]} Qc6 {
[%emt 0:06:45]} 15. Nf1 {[%emt 0:03:01]} b5 {[%emt 0:02:38]} 16. Nd5 {[%emt 0:
14:41]} Bxd5 {[%emt 0:02:01]} 17. exd5 {[%emt 0:00:18]} Qb7 {[%emt 0:01:53]}
18. Ne3 {[%emt 0:01:43]} Rfc8 {[%emt 0:03:46]} 19. a5 {[%emt 0:02:56]} Bf8 {
[%emt 0:02:39]} 20. Bd2 {[%emt 0:07:06]} g6 {[%emt 0:08:15]} 21. Rc1 {[%emt 0:
02:28]} Rc7 {[%emt 0:04:12]} 22. g3 {[%emt 0:06:34]} Rac8 {[%emt 0:15:25]} 23.
Bg2 {[%emt 0:00:06]} h5 {[%emt 0:04:01]} 24. Bb4 {[%emt 0:02:14]} Qa7 {[%emt 0:
03:25]} 25. Qe2 {[%emt 0:01:23]} Ng4 {[%emt 0:03:23]} 26. Nxg4 {[%emt 0:06:13]}
hxg4 27. c3 {[%emt 0:01:15]} f5 28. h3 {[%emt 0:03:10]} gxh3 {[%emt 0:04:23]}
29. Bxh3 {[%emt 0:00:06]} e4 {[%emt 0:00:07]} 30. Bg2 {[%emt 0:06:48]} Ne5 {
[%emt 0:02:59]} 31. Rcd1 {[%emt 0:00:03]} Rh7 {[%emt 0:04:54]} 32. Qe3 {
[%emt 0:01:53]} Qe7 {[%emt 0:15:25]} 33. b3 {[%emt 0:01:38]} g5 {[%emt 0:01:12]
} 34. Qb6 {[%emt 0:03:23]} g4 {[%emt 0:02:01]} 35. Qxa6 {[%emt 0:00:03]} Rb8 {
[%emt 0:00:05]} 36. Re3 {[%emt 0:04:21]} Rh6 {[%emt 0:00:41]} 37. Kf1 {[%emt 0:
00:13]} Rh2 {[%emt 0:00:33]} 38. Rd4 {[%emt 0:01:00]} Qh7 {[%emt 0:05:48]} 39.
Bxd6 {[%emt 0:00:24]} Nf3 {[%emt 0:00:42]} 40. Ke2 {[%emt 0:00:50]} Nxd4+ {
[%emt 0:00:33]} 41. cxd4 {[%emt 0:00:06]} Rh6 {[%emt 0:00:35]} 0-1

[Event "European Individual Chess Championship "]
[Site "Reykjavik, Iceland"]
[Date "2021.08.30"]
[Round "5.29"]
[White "Thybo, Jesper Sondergaard"]
[Black "Gretarsson, Helgi Ass"]
[Result "1-0"]
[WhiteElo "2587"]
[BlackElo "2447"]
[PlyCount "73"]
[EventDate "2021.08.26"]

1. d4 {[%emt 0:00:03]} d5 {[%emt 0:00:16]} 2. c4 {[%emt 0:00:10]} dxc4 {
[%emt 0:00:21]} 3. e3 {[%emt 0:00:20]} e5 {[%emt 0:01:35]} 4. Bxc4 {[%emt 0:00:
12]} Nc6 {[%emt 0:01:46]} 5. d5 {[%emt 0:03:17]} Nce7 {[%emt 0:09:58]} 6. Qb3 {
[%emt 0:04:05]} Qd6 {[%emt 0:17:33]} 7. Nf3 {[%emt 0:03:38]} a6 {[%emt 0:02:06]
} 8. a4 {[%emt 0:05:32]} Nf6 {[%emt 0:24:40]} 9. Nc3 {[%emt 0:02:20]} Ng6 {
[%emt 0:00:32]} 10. h4 {[%emt 0:10:37]} Be7 {[%emt 0:13:24]} 11. Bd2 {[%emt 0:
08:27]} h5 {[%emt 0:10:28]} 12. Ng5 {[%emt 0:01:47]} O-O {[%emt 0:01:52]} 13.
Bd3 {[%emt 0:03:57]} Qb4 {[%emt 0:02:25]} 14. Qa2 {[%emt 0:10:26]} Bd6 {
[%emt 0:06:52]} 15. Nce4 {[%emt 0:05:49]} Qb6 {[%emt 0:00:01]} 16. a5 {[%emt 0:
00:36]} Qa7 {[%emt 0:00:02]} 17. Nxf6+ {[%emt 0:04:15]} gxf6 {[%emt 0:00:01]}
18. Ne4 {[%emt 0:01:00]} Kg7 {[%emt 0:01:02]} 19. Ng3 {[%emt 0:01:02]} Rh8 {
[%emt 0:00:30]} 20. Be2 {[%emt 0:02:07]} Bg4 {[%emt 0:00:34]} 21. Bxg4 {
[%emt 0:01:27]} hxg4 {[%emt 0:00:01]} 22. Qa4 {[%emt 0:03:26]} Kf8 {[%emt 0:04:
14]} 23. Qxg4 {[%emt 0:00:30]} Qc5 {[%emt 0:00:12]} 24. h5 {[%emt 0:01:07]} Ne7
{[%emt 0:00:05]} 25. e4 {[%emt 0:03:20]} Qb5 {[%emt 0:01:25]} 26. h6 {[%emt 0:
05:21]} Ng6 {[%emt 0:00:22]} 27. Bc3 {[%emt 0:04:03]} Re8 {[%emt 0:01:12]} 28.
Nf5 {[%emt 0:01:14]} Rh7 {[%emt 0:00:28]} 29. g3 {[%emt 0:02:16]} Bc5 {[%emt 0:
00:32]} 30. Qf3 {[%emt 0:02:43]} Ne7 {[%emt 0:00:32]} 31. Ng7 {[%emt 0:01:23]}
Ng8 {[%emt 0:00:35]} 32. Nxe8 {[%emt 0:00:26]} Kxe8 {[%emt 0:00:26]} 33. Qf5 {
[%emt 0:01:26]} Rxh6 {[%emt 0:00:13]} 34. Rxh6 {[%emt 0:01:40]} Nxh6 35. Qc8+ {
[%emt 0:00:19]} Ke7 {[%emt 0:00:03]} 36. Qxc7+ {[%emt 0:00:07]} Kf8 37. O-O-O {
[%emt 0:00:26]} 1-0

[Event "European Individual Chess Championship "]
[Site "Reykjavik, Iceland"]
[Date "2021.08.30"]
[Round "5.32"]
[White "Kulaots, Kaido"]
[Black "Mazur, Stefan"]
[Result "1-0"]
[WhiteElo "2548"]
[BlackElo "2416"]
[PlyCount "55"]
[EventDate "2021.08.26"]

1. e4 {[%emt 0:00:40]} e5 {[%emt 0:00:19]} 2. Nf3 {[%emt 0:00:13]} Nc6 {
[%emt 0:00:10]} 3. Bb5 {[%emt 0:00:12]} a6 {[%emt 0:00:15]} 4. Ba4 {[%emt 0:00:
05]} Nf6 {[%emt 0:00:08]} 5. O-O {[%emt 0:00:43]} Be7 {[%emt 0:00:27]} 6. Re1 {
[%emt 0:00:17]} b5 {[%emt 0:00:15]} 7. Bb3 {[%emt 0:00:08]} O-O {[%emt 0:01:00]
} 8. a4 {[%emt 0:02:29]} d5 {[%emt 0:01:06]} 9. axb5 {[%emt 0:02:34]} dxe4 {
[%emt 0:00:18]} 10. bxc6 {[%emt 0:00:17]} exf3 {[%emt 0:00:19]} 11. Qxf3 {
[%emt 0:00:35]} e4 {[%emt 0:00:23]} 12. Qe2 {[%emt 0:12:29]} Bd6 {[%emt 0:00:
21]} 13. h3 {[%emt 0:18:50]} Re8 {[%emt 0:00:40]} 14. Nc3 {[%emt 0:01:54]} Re5
{[%emt 0:01:23]} 15. Ra4 {[%emt 0:07:39]} Bxh3 {[%emt 0:00:23]} 16. Nxe4 {
[%emt 0:08:02]} Bg4 {[%emt 0:00:48]} 17. Qe3 {[%emt 0:12:38]} Qe7 {[%emt 0:01:
55]} 18. d3 {[%emt 0:02:38]} Re8 {[%emt 0:00:20]} 19. Bd2 {[%emt 0:04:42]} Bf5
{[%emt 0:22:51]} 20. Qf3 {[%emt 0:15:24]} Bg4 {[%emt 0:33:35]} 21. Qe3 {
[%emt 0:06:08]} Bf5 {[%emt 0:04:16]} 22. Qf3 {[%emt 0:00:16]} Ng4 {[%emt 0:17:
18]} 23. Bf4 {[%emt 0:01:09]} Qh4 {[%emt 0:00:32]} 24. Bg3 {[%emt 0:01:05]} Qh5
{[%emt 0:00:38]} 25. Bxe5 {[%emt 0:00:36]} Bxe5 {[%emt 0:04:35]} 26. Ng3 {
[%emt 0:00:19]} Qh2+ {[%emt 0:07:22]} 27. Kf1 {[%emt 0:00:03]} h5 {[%emt 0:01:
20]} 28. Qxf5 {[%emt 0:00:30]} 1-0